| 000 | 01564nam a2200361 i 4500 | ||
|---|---|---|---|
| 999 |
_c200431250 _d49462 |
||
| 001 | 200431250 | ||
| 003 | TR-AnTOB | ||
| 005 | 20191105220700.0 | ||
| 008 | 180125s2017 tu tur | ||
| 020 | _a9786052072881 | ||
| 040 |
_aTR-AnTOB _beng _erda _cTR-AnTOB |
||
| 041 | 0 | _atur | |
| 050 | 1 | _aBP163 | |
| 090 |
_aBP163 _b.S3592 2017 |
||
| 100 | 0 |
_aŞemseddin Sivasî, _d1520?-1597? _9120500 |
|
| 245 | 1 | 0 |
_aAbdülvehhâb Gâzi Menâkıbı, Terceme-i Ecvibe-i Alî Bin Ebî Tâlib, Emr-i İlâhî ve Hüccet-i İlâhî / _cŞemseddin Sivasî ; Prof. Dr. Alim Yıldız, Prof. Dr. Hüseyin Akaya, Okt. Mahmut İnat. |
| 250 | _a1. baskı : Eylül, 2017 | ||
| 264 | 1 |
_aSivas : _bSivas Belediyesi, _c2017. |
|
| 300 |
_a103 pages ; _c16 cm. |
||
| 336 |
_2rdacontent _atext _btxt |
||
| 337 |
_2rdamedia _aunmediated _bn |
||
| 338 |
_2rdacarrier _avolume _bnc |
||
| 490 | 0 |
_aŞemseddin Sivasî Külliyatı ; _v15 |
|
| 500 | _aProf. Dr. Alim Yıldız: Abdülvehhâb Gâzi Menâkıbı Prof. Dr. Hüseyin Akkaya: Terceme-i Ecvibe-i Alî bin Ebî Tâlib Okt. Mahmut İnat: Emr-i İlâhî ve Hüccet-i İlâhî | ||
| 504 | _aIncludes bibliographical references | ||
| 650 | 7 |
_aTasavvuf _xMetinler _913466 |
|
| 700 | 1 |
_aYıldız, Alim _eauthor _999923 |
|
| 700 | 1 |
_aAkaya, Hüseyin _eauthor _9122315 |
|
| 700 | 1 |
_aİnat, Mahmut _eauthor _9122316 |
|
| 856 | _uhttp://sivas.bel.tr/Files/PDF/ekitap/%C5%9EEMSEDD%C4%B0N%20S%C4%B0VAS%C3%8E%20K%C3%9CLL%C4%B0YATI%20MENSUR%20ESERLER/Abdulvehhab-Gazi-ve-Digerleri.pdf | ||
| 942 |
_2lcc _cBK |
||